• 首页
  • 本馆介绍
  • 公告通知
  • 最新文献
  • 馆藏检索
  • 电子资源
  • 读者导购
  • 参考咨询
  • 我的图书馆
  • 登录
  • 详细信息显示
  • 放入我的书架
  • 预约/预借图书
  • 作者相关作品
  • 分类相关作品
  • 丛书相关作品
  • 出版社相关作品

书目信息

  • 表格格式
  • 工作单格式
  • 卡片格式
题名:
大学生军事理论教程
    
 
作者: 蔡英龙 , 付进扬 , 叶欣 主编
分册:  
出版信息: 北京   北京理工大学出版社  2014
页数: 266页
开本: 26cm
丛书名:
单 册:
中图分类: E0
科图分类:
主题词: 军事理论--高等职业教育--教材 , 军事理论
电子资源:
ISBN: 978-7-5640-9306-8
000 00924nam0 2200277 450
001 012015000776
005 20150914145902.01
010    @a978-7-5640-9306-8@dCNY32.00
100    @a20150316d2014 em y0chiy50 ea
101 0  @achi
102    @aCN@b110000
105    @aa z 000yy
106    @ar
200 1  @a大学生军事理论教程@Ada xue sheng jun shi li lun jiao cheng@f蔡英龙,付进扬,叶欣主编
210    @a北京@c北京理工大学出版社@d2014
215    @a266页@c图@d26cm
330    @a本书共分为:军事理论;军事技能训练两部分,主要内容包括:中国国防;军事思想;国际战略环境;军事高技术;信息化战争;条令条例教育与训练;轻武器射击等。
333    @a高职
606 0  @a军事理论@x高等职业教育@j教材
606 0  @a军事理论
690    @aE0@v5
701  0 @a蔡英龙@Acai ying long@4主编
701  0 @a付进扬@Afu jin yang@4主编
701  0 @a叶欣@Aye xin@4主编
801  0 @aCN@b碧洲教育@c20150718
905    @a10447@f3@dE0@e21
    
    大学生军事理论教程/蔡英龙,付进扬,叶欣主编.-北京:北京理工大学出版社,2014
    266页:图;26cm
    使用对象:高职
    
    ISBN 978-7-5640-9306-8:CNY32.00
    本书共分为:军事理论;军事技能训练两部分,主要内容包括:中国国防;军事思想;国际战略环境;军事高技术;信息化战争;条令条例教育与训练;轻武器射击等。
●
相关链接 在E读中查询图书 在五车中查询图书 在当当中查询图书 在豆瓣中查询图书


正题名:大学生军事理论教程     索取号:E0/21         预约/预借

序号 登录号 条形码 馆藏地/架位号 状态 备注
1 0848075   208480758   第一样本阅览室/ [索取号:E0/21] 在馆    
2 0848076   208480767   第一借阅区/ [索取号:E0/21] 在馆    
3 0848077   208480776   第一借阅区/ [索取号:E0/21] 在馆    
唐山师范学院图书馆 欢迎您!
大连网信软件有限公司© 版权所有